000 00651cam a22002413a 4500
001 32658
003 PGUSA
005 20140828083716.0
008 100602s2010||||xxu|||||s|||||000 1 eng d
040 _aPGUSA
_beng
042 _adc
050 4 _aPS
100 1 _aBartholomew, Stephen
245 1 4 _aThe Standardized Man
_h[electronic resource] /
_cStephen Bartholomew
260 _bProject Gutenberg,
_c2010
506 _aPublic domain in the USA.
516 _aElectronic text
653 _aShort stories
653 _aScience fiction
830 0 _aProject Gutenberg
_v32658
856 4 0 _uhttp://www.gutenberg.org/ebooks/32658
942 _cEB
999 _c261913
_d261913